|
|
|
|
| LEADER |
01175nam a22002777a 4500 |
| 001 |
31949 |
| 003 |
BD-DhAAL |
| 005 |
20180312102900.0 |
| 008 |
171211s2012 ru |||| |||| 00| 0 rus d |
| 999 |
|
|
|c 38812
|d 38812
|
| 020 |
|
|
|a 9785883372857
|
| 040 |
|
|
|a BD-DhAAL
|
| 082 |
|
|
|a 491.78
|2 23
|
| 100 |
|
|
|a Ŝukin, Anatolij Nikolaevič.
|9 24228
|
| 245 |
|
|
|a Obučenie rečevomu obŝeniû na russkom âzyke kak inostrannom :
|b učebno-metodičeskoe posobie dlâ prepodavatelej russkogo âzyka kak inostrannogo /
|c Anatolij Nikolaevič Ŝukin
|
| 260 |
|
|
|a Moskva :
|b Ruskij âzyk. Kursy,
|c 2012.
|
| 300 |
|
|
|a 786, [1] s. ;
|c 22 cm.
|
| 490 |
0 |
|
|a Seriâ "Metody, Priemy, Rezul'taty"
|
| 526 |
|
|
|a AAL
|
| 541 |
|
|
|a Complementary copy from BIL
|e 31494
|
| 650 |
|
|
|a Język rosyjski
|9 24229
|x studia i nauczanie
|x obcojęzyczni.
|
| 650 |
|
|
|a Język rosyjski -- studia i nauczanie (akademickie).
|9 24230
|
| 650 |
|
|
|a Ryska språket.
|9 24231
|
| 852 |
|
|
|a Ayesha Abed Library
|c General Stacks
|
| 942 |
|
|
|2 ddc
|c BK
|
| 952 |
|
|
|0 0
|1 0
|2 ddc
|4 0
|6 491_780000000000000_SUK
|7 0
|9 62275
|a BRACUL
|b BRACUL
|c GEN
|d 2017-12-11
|e Complementary copy from BIL
|l 0
|o 491.78 SUK
|p 3010031949
|r 2017-12-11
|t 1
|w 2017-12-11
|y BK
|